000 00569nam a22002417a 4500
001 30553
003 UA-OsUOA
005 20220210111900.0
007 ta
008 20041111b un ||||| |||| 00| 0 ukr d
040 _aUA-OsUOA
_brus
_cUA-OsUOA
_dUA-OsUOA
041 _arus
044 _aRU
080 _a82-92
090 _a82-92
_bФ83
100 _aФранклин В.
245 _aИзбранные произведения
260 _aМосква
_bПолитиздат
_c1956
300 _a631 с.
650 7 _2UDC
942 _cBK
_2udc
955 _a0
999 _c316966
_d316966